000
00350nam a2200157Ia 4500
005
20250423095336.0
008
250422s9999 xx 000 0 und d
020
_a
0-7394-3263-X
050
_a
PS 3564 .A74 F43/
100
_a
Jonathan Nasaw
245
0
_a
Fear itself
260
_b
Atria books
260
_c
2003
300
_a
616 p
942
_c
BK
999
_c
29985
_d
29985